Technology Transfer Out of Germany After 1945 / (Record no. 616630)

MARC details
000 -LEADER
fixed length control field 00693nam a2200181Ia 4500
008 - FIXED-LENGTH DATA ELEMENTS--GENERAL INFORMATION
fixed length control field 260302s9999 xx 000 0 und d
020 ## - INTERNATIONAL STANDARD BOOK NUMBER
ISBN 9783718658220
082 ## - DEWEY DECIMAL CLASSIFICATION NUMBER
Classification number 338.926094
Item number JUD
100 ## - MAIN ENTRY--AUTHOR NAME
Personal name Judt, Matthias
245 #0 - TITLE STATEMENT
Title Technology Transfer Out of Germany After 1945 /
Statement of responsibility, etc Judt, Matthias; Ciesla, Burghard
260 ## - PUBLICATION, DISTRIBUTION, ETC. (IMPRINT)
Name of publisher Psychology Press,
Year of publication 1996
300 ## - PHYSICAL DESCRIPTION
Number of Pages 174 pages
520 ## - SUMMARY, ETC.
Summary, etc This book studies the movement of technology and scientist between East Germany and the Soviet Union, and West Germany and the Western Allies, using documented examples and case studies.
650 ## - SUBJECT ADDED ENTRY--TOPICAL TERM
Topical Term Business & Economics
700 ## - ADDED ENTRY--PERSONAL NAME
Personal name Ciesla, Burghard
942 ## - ADDED ENTRY ELEMENTS (KOHA)
Koha item type English Books
Holdings
Withdrawn status Lost status Damaged status Not for loan Home library Current library Shelving location Date acquired Full call number Accession Number Price effective from Koha item type
        Anna Centenary Library Anna Centenary Library 4TH FLOOR, A WING 02.03.2026 338.926094 JUD 121073 02.03.2026 English Books

Find us on the map